000 00511pab a2200169 454500
008 180718b2003 xxu||||| |||| 00| 0 eng d
100 _aLarson, Ann E.
245 _aDecentralisation and forest management in Latin America: towards a working model
260 _c2003
300 _ap.211-26.
362 _aAug
650 _aDecentralization - Latin America
650 _aForest management - Latin America
650 _aForest management
773 _aPublic Administration and Development
909 _a57725
999 _c57725
_d57725